[Event "7. Arber-Senioren-Cup 2019"]
[Site "Bodenmais"]
[Date "2019.08.01"]
[Round "6.6"]
[White "Korte, Markus"]
[Black "Fleuch, Hans-Juergen"]
[Result "1/2-1/2"]
[WhiteElo "2028"]
[BlackElo "1951"]
[Annotator "NA"]
[PlyCount "175"]
[EventDate "2019.07.27"]
[EventType "swiss"]
[EventCountry "GER"]
[SourceTitle "playchess.com"]
[Source "ChessBase"]
[SourceQuality "1"]
[TimeControl "60/7800+30:0"]

1. e4 {[%emt 0:00:00]} c6 {[%emt 0:00:00]} 2. d4 {[%emt 0:00:00]} d5 {[%emt 0:00:10]} 3. Nd2 {[%emt 0:00:19]} dxe4 {[%emt 0:00:34]} 4. Nxe4 {[%emt 0:00:06]} Bf5 {[%emt 0:00:16]} 5. Ng3 {[%emt 0:00:05]} Bg6 {[%emt 0:00:13]} 6. Nf3 {[%emt 0:00:08]} Nd7 {[%emt 0:00:31]} 7. Bc4 {[%emt 0:00:16]} e6 {[%emt 0:00:28]} 8. O-O {[%emt 0:00:12]} Ngf6 {[%emt 0:02:01]} 9. Re1 {[%emt 0:00:07]} Be7 {[%emt 0:01:55]} 10. Nh4 {[%emt 0:08:00]} Nd5 {[%emt 0:07:05]} 11. Nxg6 {[%emt 0:03:13]} hxg6 {[%emt 0:00:04]} 12. Qf3 {[%emt 0:00:26]} N7f6 {[%emt 0:01:50]} 13. c3 {[%emt 0:03:18]} Qc7 {[%emt 0:04:28]} 14. Bg5 {[%emt 0:09:05]} O-O-O {[%emt 0:08:42]} 15. h3 {[%emt 0:02:18]} Nh5 {[%emt 0:12:30]} 16. Bxe7 {[%emt 0:13:51]} Qxe7 {[%emt 0:00:44]} 17. Ne4 {[%emt 0:03:08]} Nhf4 {[%emt 0:02:36]} 18. Bf1 {[%emt 0:03:33]} Qc7 {[%emt 0:05:10]} 19. Ng3 {[%emt 0:26:06]} Nf6 {[%emt 0:11:51]} 20. Re5 {[%emt 0:04:40]} N4d5 {[%emt 0:04:49]} 21. c4 {[%emt 0:02:51]} Ne7 {[%emt 0:04:50]} 22. Qe3 {[%emt 0:03:22]} Qb6 {[%emt 0:01:56]} 23. Qa3 {[%emt 0:03:21]} Nf5 {[%emt 0:18:43]} 24. Nxf5 {[%emt 0:07:14]} gxf5 {[%emt 0:03:04]} 25. d5 {[%emt 0:13:05]} Ne4 {[%emt 0:02:40]} 26. c5 {[%emt 0:01:18]} Qxc5 {[%emt 0:08:08]} 27. Qxc5 {[%emt 0:00:13]} Nxc5 {[%emt 0:00:22]} 28. dxc6 {[%emt 0:00:03]} b6 {[%emt 0:02:47]} 29. b4 {[%emt 0:05:52]} Nd3 {[%emt 0:00:21]} 30. Bxd3 {[%emt 0:02:29]} Rxd3 {[%emt 0:00:27]} 31. b5 {[%emt 0:02:21]} Rhd8 {[%emt 0:03:43]} 32. Kf1 {[%emt 0:02:15]} Rd1+ {[%emt 0:08:20]} 33. Re1 {[%emt 0:03:11]} R1d2 {[%emt 0:00:33]} 34. a4 {[%emt 0:00:57]} Rb2 {[%emt 0:01:59]} 35. Red1 {[%emt 0:00:20]} Rdd2 {[%emt 0:06:49]} 36. Rxd2 {[%emt 0:00:25]} Rxd2 {[%emt 0:00:02]} 37. Ke1 {[%emt 0:00:14]} Rd4 {[%emt 0:00:17]} 38. a5 {[%emt 0:04:12]} bxa5 {[%emt 0:00:49]} 39. Rxa5 {[%emt 0:00:11]} Kb8 {[%emt 0:00:42]} 40. c7+ {[%emt 0:03:42]} Kxc7 {[%emt 0:03:31]} 41. Rxa7+ {[%emt 0:00:07]} Kb6 {[%emt 0:00:35]} 42. Rxf7 {[%emt 0:00:11]} g5 {[%emt 0:01:24]} 43. Rg7 {[%emt 0:00:50]} Kxb5 {[%emt 0:03:32]} 44. Rxg5 {[%emt 0:00:11]} Kc6 {[%emt 0:00:39]} 45. g3 {[%emt 0:02:30]} Kd6 {[%emt 0:00:27]} 46. Rg8 {[%emt 0:00:29]} Ke7 {[%emt 0:01:43]} 47. Ke2 {[%emt 0:00:57]} Kf7 {[%emt 0:00:28]} 48. Ra8 {[%emt 0:00:39]} e5 {[%emt 0:00:23]} 49. Ra6 {[%emt 0:00:10]} Rb4 {[%emt 0:00:32]} 50. Rd6 {[%emt 0:01:13]} Rb2+ {[%emt 0:00:12]} 51. Rd2 {[%emt 0:01:20]} Rb6 {[%emt 0:00:02]} 52. Rd7+ {[%emt 0:01:45]} Kf6 {[%emt 0:00:02]} 53. h4 {[%emt 0:00:26]} Kg6 {[%emt 0:00:19]} 54. Rd8 {[%emt 0:01:21]} Rb2+ {[%emt 0:00:14]} 55. Rd2 {[%emt 0:01:05]} Rb6 {[%emt 0:00:04]} 56. Rd5 {[%emt 0:01:10]} Rb2+ {[%emt 0:00:28]} 57. Kf3 {[%emt 0:00:48]} Rb3+ {[%emt 0:00:46]} 58. Kg2 {[%emt 0:00:14]} Kf6 {[%emt 0:00:19]} 59. h5 {[%emt 0:00:30]} Rb7 {[%emt 0:00:47]} 60. Kh3 {[%emt 0:02:26]} Rb6 {[%emt 0:06:11]} 61. h6 {[%emt 2:12:01]} Kg5 {[%emt 2:10:10]} 62. Rxe5 {[%emt 0:01:00]} Rxh6+ {[%emt 0:00:02]} 63. Kg2 {[%emt 0:00:08]} Ra6 {[%emt 0:00:25]} 64. Kf3 {[%emt 0:01:15]} Ra3+ {[%emt 0:00:19]} 65. Re3 {[%emt 0:01:01]} Ra5 {[%emt 0:00:13]} 66. Rb3 {[%emt 0:00:13]} Ra2 {[%emt 0:00:21]} 67. Ke3 {[%emt 0:00:20]} Ra4 {[%emt 0:00:58]} 68. Rd3 {[%emt 0:00:29]} Re4+ {[%emt 0:00:10]} 69. Kf3 {[%emt 0:00:05]} Ra4 {[%emt 0:00:13]} 70. Rd8 {[%emt 0:00:06]} Ra3+ {[%emt 0:00:10]} 71. Kg2 {[%emt 0:00:27]} Kg6 {[%emt 0:01:10]} 72. Rf8 {[%emt 0:00:44]} Ra2 {[%emt 0:00:18]} 73. Rg8+ {[%emt 0:00:21]} Kf7 {[%emt 0:00:14]} 74. Rb8 {[%emt 0:00:20]} Kg6 {[%emt 0:00:12]} 75. Rb5 {[%emt 0:00:42]} Rc2 {[%emt 0:00:18]} 76. Re5 {[%emt 0:00:11]} Kf6 {[%emt 0:00:12]} 77. Re3 {[%emt 0:00:25]} Kg5 {[%emt 0:00:14]} 78. Kf3 {[%emt 0:00:09]} Ra2 {[%emt 0:00:15]} 79. Rd3 {[%emt 0:00:35]} Rb2 {[%emt 0:00:31]} 80. Ke3 {[%emt 0:00:18]} Rb4 {[%emt 0:00:40]} 81. Rd2 {[%emt 0:00:55]} Re4+ {[%emt 0:00:21]} 82. Kd3 {[%emt 0:00:12]} Kg4 {[%emt 0:01:06]} 83. Rc2 {[%emt 0:00:33]} Ra4 {[%emt 0:00:25]} 84. Rc4+ {[%emt 0:02:21]} Rxc4 {[%emt 0:00:24]} 85. Kxc4 {[%emt 0:00:02]} Kf3 {[%emt 0:00:01]} 86. Kd5 {[%emt 0:00:11]} Kxf2 {[%emt 0:00:04]} 87. Ke5 {[%emt 0:00:05]} Kxg3 {[%emt 0:00:03]} 88. Kxf5 {[%emt 0:00:04]} 1/2-1/2

[Event "7. Arber-Senioren-Cup 2019"]
[Site "Bodenmais"]
[Date "2019.08.01"]
[Round "6.7"]
[White "Nickl, Klaus"]
[Black "Greul, Hans"]
[Result "0-1"]
[WhiteElo "1988"]
[BlackElo "2009"]
[Annotator "NA"]
[PlyCount "78"]
[EventDate "2019.07.27"]
[EventType "swiss"]
[EventCountry "GER"]
[SourceTitle "playchess.com"]
[Source "ChessBase"]
[SourceQuality "1"]
[TimeControl "60/7800+30:0"]

1. d4 {[%emt 0:00:00]} d5 {[%emt 0:00:00]} 2. Bf4 {[%emt 0:00:00]} e6 {[%emt 0:00:08]} 3. Nf3 {[%emt 0:00:08]} c5 {[%emt 0:00:05]} 4. e3 {[%emt 0:00:49]} Qb6 {[%emt 0:00:21]} 5. Qc1 {[%emt 0:00:12]} Bd7 {[%emt 0:00:19]} 6. Nbd2 {[%emt 0:00:26]} Bb5 {[%emt 0:02:10]} 7. Bxb5+ {[%emt 0:16:44]} Qxb5 {[%emt 0:00:08]} 8. c4 {[%emt 0:00:49]} dxc4 {[%emt 0:03:18]} 9. O-O {[%emt 0:03:54]} Nc6 {[%emt 0:01:08]} 10. Qxc4 {[%emt 0:05:01]} Qxc4 {[%emt 0:00:13]} 11. Nxc4 {[%emt 0:00:12]} cxd4 {[%emt 0:00:28]} 12. exd4 {[%emt 0:01:43]} Nf6 {[%emt 0:01:00]} 13. Rad1 {[%emt 0:13:43]} Rd8 {[%emt 0:03:10]} 14. Bg5 {[%emt 0:04:54]} Be7 {[%emt 0:02:51]} 15. a3 {[%emt 0:01:36]} Nd5 {[%emt 0:02:20]} 16. Nce5 {[%emt 0:02:52]} Nxe5 {[%emt 0:05:41]} 17. dxe5 {[%emt 0:00:20]} h6 {[%emt 0:10:21]} 18. Bxe7 {[%emt 0:02:50]} Kxe7 {[%emt 0:00:09]} 19. g3 {[%emt 0:05:23]} Nb6 {[%emt 0:10:27]} 20. Rxd8 {[%emt 0:00:23]} Rxd8 {[%emt 0:00:08]} 21. Rc1 {[%emt 0:00:10]} Kd7 {[%emt 0:06:01]} 22. Kf1 {[%emt 0:06:02]} Rc8 {[%emt 0:02:11]} 23. Rd1+ {[%emt 0:05:22]} Ke7 {[%emt 0:04:34]} 24. Ke2 {[%emt 0:04:19]} Rc5 {[%emt 0:01:56]} 25. b4 {[%emt 0:03:23]} Rc2+ {[%emt 0:06:05]} 26. Rd2 {[%emt 0:00:36]} Rc1 {[%emt 0:00:26]} 27. Ne1 {[%emt 0:05:05]} Nc4 {[%emt 0:02:04]} 28. Nd3 {[%emt 0:00:20]} Rc3 {[%emt 0:06:52]} 29. Ra2 {[%emt 0:02:17]} Nxa3 {[%emt 0:01:37]} 30. Nc5 {[%emt 0:01:19]} b6 {[%emt 0:02:05]} 31. Ne4 {[%emt 0:01:03]} Rc2+ {[%emt 0:00:39]} 32. Rxc2 {[%emt 0:01:06]} Nxc2 {[%emt 0:00:02]} 33. Nd6 {[%emt 0:00:35]} Nxb4 {[%emt 0:02:08]} 34. Nc8+ {[%emt 0:00:09]} Kd7 {[%emt 0:00:35]} 35. Nxa7 Nc6 36. Nb5 {[%emt 0:01:10]} Nxe5 {[%emt 0:00:41]} 37. f4 {[%emt 0:00:11]} Ng4 {[%emt 0:00:33]} 38. h3 {[%emt 0:00:17]} Nf6 {[%emt 0:00:14]} 39. Kf3 {[%emt 0:00:08]} Kc6 {[%emt 0:00:24]} 0-1

[Event "7. Arber-Senioren-Cup 2019"]
[Site "Bodenmais"]
[Date "2019.08.01"]
[Round "6.8"]
[White "Hamlack, Heinz"]
[Black "Steinbach, Peter"]
[Result "1/2-1/2"]
[WhiteElo "1986"]
[BlackElo "1958"]
[Annotator "NA"]
[PlyCount "20"]
[EventDate "2019.07.27"]
[EventType "swiss"]
[EventCountry "GER"]
[SourceTitle "playchess.com"]
[Source "ChessBase"]
[SourceQuality "1"]
[TimeControl "60/7800+30:0"]

1. e4 {[%emt 0:00:00]} Nc6 {[%emt 0:02:34]} 2. d4 {[%emt 0:02:16]} d5 {[%emt 0:00:31]} 3. e5 {[%emt 0:02:20]} Bf5 {[%emt 0:00:15]} 4. g4 {[%emt 0:03:06]} Bg6 {[%emt 0:07:39]} 5. h4 {[%emt 0:00:13]} h5 {[%emt 0:00:40]} 6. e6 {[%emt 0:00:37]} hxg4 {[%emt 0:15:11]} 7. Bd3 {[%emt 0:06:48]} Nf6 {[%emt 0:04:33]} 8. Bxg6 {[%emt 0:00:10]} fxg6 {[%emt 0:00:01]} 9. Bf4 {[%emt 0:09:48]} Qc8 {[%emt 0:01:31]} 10. Ne2 {[%emt 0:14:01]} Qxe6 {[%emt 0:01:10]} 1/2-1/2

[Event "7. Arber-Senioren-Cup 2019"]
[Site "Bodenmais"]
[Date "2019.08.01"]
[Round "6.9"]
[White "Waltenberger, Udo"]
[Black "Neubauer, Jaroslaus"]
[Result "1/2-1/2"]
[WhiteElo "1986"]
[BlackElo "2014"]
[Annotator "NA"]
[PlyCount "56"]
[EventDate "2019.07.27"]
[EventType "swiss"]
[EventCountry "GER"]
[SourceTitle "playchess.com"]
[Source "ChessBase"]
[SourceQuality "1"]
[TimeControl "60/7800+30:0"]

1. d4 {[%emt 0:00:00]} Nf6 {[%emt 0:00:00]} 2. Nf3 {[%emt 0:00:00]} e6 {[%emt 0:00:08]} 3. g3 {[%emt 0:00:00]} d5 {[%emt 0:00:25]} 4. Bg2 {[%emt 0:00:00]} Be7 {[%emt 0:00:38]} 5. O-O {[%emt 0:00:00]} O-O {[%emt 0:00:21]} 6. b3 {[%emt 0:01:04]} b6 {[%emt 0:01:21]} 7. c4 {[%emt 0:00:18]} Bb7 {[%emt 0:00:41]} 8. Nc3 {[%emt 0:00:55]} Nbd7 {[%emt 0:02:02]} 9. Bb2 {[%emt 0:01:18]} a6 10. Rc1 Ne4 {[%emt 0:14:06]} 11. Nd2 {[%emt 0:11:06]} Nxc3 {[%emt 0:01:17]} 12. Rxc3 {[%emt 0:02:31]} Nf6 {[%emt 0:01:03]} 13. Qc1 {[%emt 0:08:05]} Ne4 {[%emt 0:08:45]} 14. Nxe4 {[%emt 0:02:09]} dxe4 {[%emt 0:00:15]} 15. Rd1 {[%emt 0:03:38]} f5 {[%emt 0:03:56]} 16. e3 {[%emt 0:01:03]} a5 {[%emt 0:01:01]} 17. Ba3 {[%emt 0:02:43]} Bb4 {[%emt 0:01:51]} 18. Rc2 {[%emt 0:01:19]} Qe7 {[%emt 0:11:12]} 19. c5 {[%emt 0:02:02]} Bxa3 {[%emt 0:03:41]} 20. Qxa3 {[%emt 0:00:02]} Bd5 {[%emt 0:03:13]} 21. Qa4 {[%emt 0:04:39]} Rfb8 {[%emt 0:04:54]} 22. Bf1 {[%emt 0:08:19]} b5 {[%emt 0:06:29]} 23. Bxb5 {[%emt 0:02:56]} c6 {[%emt 0:00:12]} 24. Bc4 {[%emt 0:03:30]} Rb4 {[%emt 0:00:09]} 25. Qa3 {[%emt 0:00:01]} Qb7 {[%emt 0:00:29]} 26. Bxd5 {[%emt 0:09:42]} exd5 {[%emt 0:00:19]} 27. Rb1 {[%emt 0:01:25]} a4 {[%emt 0:02:20]} 28. Qc1 {[%emt 0:03:16]} axb3 {[%emt 0:02:01]} 1/2-1/2

[Event "7. Arber-Senioren-Cup 2019"]
[Site "Bodenmais"]
[Date "2019.08.01"]
[Round "6.10"]
[White "Halli, Gerhard"]
[Black "Oberhofer, Max"]
[Result "1/2-1/2"]
[WhiteElo "1955"]
[BlackElo "2187"]
[Annotator "NA"]
[PlyCount "93"]
[EventDate "2019.07.27"]
[EventType "swiss"]
[EventCountry "GER"]
[SourceTitle "playchess.com"]
[Source "ChessBase"]
[SourceQuality "1"]
[TimeControl "60/7800+30:0"]

1. d4 {[%emt 0:01:40]} Nf6 {[%emt 0:00:00]} 2. Bg5 {[%emt 0:01:09]} Ne4 {[%emt 0:00:27]} 3. Bf4 {[%emt 0:00:09]} d5 {[%emt 0:00:19]} 4. f3 {[%emt 0:03:37]} Nd6 {[%emt 0:00:34]} 5. e3 {[%emt 0:00:15]} Bf5 6. Bd3 {[%emt 0:02:22]} e6 {[%emt 0:04:58]} 7. Ne2 {[%emt 0:00:58]} Nd7 {[%emt 0:03:01]} 8. O-O {[%emt 0:07:06]} Be7 {[%emt 0:03:36]} 9. b3 {[%emt 0:04:50]} Bg5 {[%emt 0:01:59]} 10. Nbc3 {[%emt 0:08:45]} O-O {[%emt 0:04:23]} 11. Qd2 {[%emt 0:01:38]} Bxf4 {[%emt 0:00:30]} 12. Nxf4 {[%emt 0:01:16]} c6 {[%emt 0:01:28]} 13. e4 {[%emt 0:02:37]} Bg6 {[%emt 0:05:57]} 14. Nxg6 {[%emt 0:01:27]} hxg6 {[%emt 0:00:22]} 15. e5 {[%emt 0:00:33]} Nf5 {[%emt 0:00:12]} 16. Ne2 {[%emt 0:00:07]} c5 {[%emt 0:09:38]} 17. Bxf5 {[%emt 0:00:44]} gxf5 {[%emt 0:00:11]} 18. c3 {[%emt 0:00:09]} Rc8 {[%emt 0:02:52]} 19. Rac1 {[%emt 0:00:10]} Qh4 {[%emt 0:05:07]} 20. f4 {[%emt 0:02:44]} Rc6 {[%emt 0:03:13]} 21. Qd3 {[%emt 0:06:15]} Rfc8 {[%emt 0:01:06]} 22. Qd2 {[%emt 0:05:07]} g6 {[%emt 0:04:25]} 23. Rf3 {[%emt 0:01:12]} cxd4 {[%emt 0:04:58]} 24. cxd4 {[%emt 0:00:08]} Rxc1+ {[%emt 0:00:48]} 25. Nxc1 {[%emt 0:00:03]} Kg7 {[%emt 0:00:40]} 26. Ne2 {[%emt 0:00:49]} Nb8 {[%emt 0:01:06]} 27. Rc3 {[%emt 0:06:59]} Nc6 {[%emt 0:01:21]} 28. b4 {[%emt 0:07:02]} a6 {[%emt 0:01:58]} 29. a3 {[%emt 0:00:34]} Na7 {[%emt 0:02:35]} 30. Rc5 {[%emt 0:04:26]} b6 {[%emt 0:04:51]} 31. Rxc8 {[%emt 0:08:54]} Nxc8 {[%emt 0:00:06]} 32. Qc1 {[%emt 0:01:17]} Na7 {[%emt 0:03:17]} 33. a4 {[%emt 0:03:31]} Qe7 {[%emt 0:07:42]} 34. Qc3 {[%emt 0:01:03]} Qd7 {[%emt 0:01:02]} 35. Qc2 {[%emt 0:02:56]} Qc6 {[%emt 0:02:39]} 36. Qxc6 {[%emt 0:00:10]} Nxc6 37. b5 axb5 {[%emt 0:00:48]} 38. axb5 {[%emt 0:00:31]} Na5 {[%emt 0:00:54]} 39. Kf2 {[%emt 0:00:27]} Nc4 {[%emt 0:01:06]} 40. Nc3 {[%emt 0:00:09]} f6 {[%emt 0:02:09]} 41. Kf3 {[%emt 0:03:47]} fxe5 {[%emt 0:00:34]} 42. fxe5 {[%emt 0:00:05]} g5 {[%emt 0:00:41]} 43. h3 {[%emt 0:00:38]} Kg6 {[%emt 0:01:34]} 44. g4 {[%emt 0:01:21]} Nd2+ {[%emt 0:04:34]} 45. Ke3 {[%emt 0:00:25]} Nc4+ {[%emt 0:00:20]} 46. Kf3 {[%emt 0:00:50]} f4 {[%emt 0:08:04]} 47. Ke2 {[%emt 0:01:40]} 1/2-1/2

[Event "7. Arber-Senioren-Cup 2019"]
[Site "Bodenmais"]
[Date "2019.08.01"]
[Round "6.11"]
[White "Latzel, Wolfgang"]
[Black "Glaessl, Matthias"]
[Result "1/2-1/2"]
[WhiteElo "1881"]
[BlackElo "2148"]
[Annotator "NA"]
[PlyCount "73"]
[EventDate "2019.07.27"]
[EventType "swiss"]
[EventCountry "GER"]
[SourceTitle "playchess.com"]
[Source "ChessBase"]
[SourceQuality "1"]
[TimeControl "60/7800+30:0"]

1. e4 {[%emt 0:00:00]} c5 {[%emt 0:00:00]} 2. Nf3 {[%emt 0:00:00]} Nc6 {[%emt 0:00:00]} 3. d4 {[%emt 0:00:00]} cxd4 {[%emt 0:00:00]} 4. Nxd4 {[%emt 0:00:05]} g6 {[%emt 0:00:00]} 5. c4 {[%emt 0:00:14]} Bg7 {[%emt 0:00:00]} 6. Be3 {[%emt 0:00:07]} Nf6 {[%emt 0:00:01]} 7. Nc3 {[%emt 0:00:41]} Ng4 {[%emt 0:00:58]} 8. Qxg4 {[%emt 0:00:12]} Nxd4 {[%emt 0:00:06]} 9. Qd1 {[%emt 0:00:09]} Ne6 {[%emt 0:00:32]} 10. Rc1 {[%emt 0:00:31]} Qa5 {[%emt 0:02:55]} 11. Bd3 {[%emt 0:11:31]} b6 {[%emt 0:15:21]} 12. O-O {[%emt 0:01:02]} g5 {[%emt 0:02:21]} 13. Qd2 {[%emt 0:01:26]} Qe5 {[%emt 0:00:52]} 14. b3 {[%emt 0:05:44]} Rg8 {[%emt 0:07:19]} 15. Nd5 {[%emt 0:02:02]} Bb7 {[%emt 0:04:38]} 16. Rce1 {[%emt 0:09:46]} Rc8 {[%emt 0:05:38]} 17. f4 {[%emt 0:02:51]} gxf4 {[%emt 0:00:10]} 18. Nxf4 {[%emt 0:00:15]} Nc5 {[%emt 0:05:19]} 19. Nd5 {[%emt 0:05:08]} Nxd3 {[%emt 0:00:56]} 20. Qxd3 {[%emt 0:00:10]} e6 {[%emt 0:00:25]} 21. Bf2 {[%emt 0:07:05]} Qg5 {[%emt 0:11:02]} 22. Bg3 {[%emt 0:11:36]} Bxd5 {[%emt 0:03:34]} 23. exd5 {[%emt 0:00:27]} Qg6 {[%emt 0:00:06]} 24. Qf3 {[%emt 0:02:25]} Bd4+ {[%emt 0:03:14]} 25. Kh1 {[%emt 0:00:31]} Kf8 {[%emt 0:03:29]} 26. Re4 {[%emt 0:03:32]} Bc5 {[%emt 0:05:15]} 27. Rg4 {[%emt 0:00:34]} Qf5 {[%emt 0:00:32]} 28. Qxf5 {[%emt 0:02:08]} exf5 {[%emt 0:00:13]} 29. Rxg8+ {[%emt 0:00:05]} Kxg8 {[%emt 0:00:08]} 30. Rxf5 {[%emt 0:00:10]} Kg7 {[%emt 0:00:57]} 31. h3 {[%emt 0:01:42]} f6 {[%emt 0:00:11]} 32. Rf1 {[%emt 0:00:37]} a5 {[%emt 0:00:30]} 33. Re1 {[%emt 0:00:35]} Kf7 {[%emt 0:00:06]} 34. a4 {[%emt 0:02:54]} Kg6 {[%emt 0:02:01]} 35. Bf4 {[%emt 0:01:52]} f5 {[%emt 0:00:51]} 36. g3 {[%emt 0:00:28]} Kf6 {[%emt 0:02:24]} 37. Kg2 {[%emt 0:00:11] Ke5} 1/2-1/2

[Event "7. Arber-Senioren-Cup 2019"]
[Site "Bodenmais"]
[Date "2019.08.01"]
[Round "6.13"]
[White "Busch, Joerg"]
[Black "Limberg, Siegfried"]
[Result "1-0"]
[WhiteElo "1851"]
[BlackElo "1983"]
[Annotator "NA"]
[PlyCount "105"]
[EventDate "2019.07.27"]
[EventType "swiss"]
[EventCountry "GER"]
[SourceTitle "playchess.com"]
[Source "ChessBase"]
[SourceQuality "1"]
[TimeControl "60/7800+30:0"]

1. d4 {[%emt 0:00:00]} Nf6 {[%emt 0:00:00]} 2. Bf4 {[%emt 0:00:00]} d6 {[%emt 0:00:29]} 3. e3 {[%emt 0:00:00]} g6 {[%emt 0:00:58]} 4. Be2 {[%emt 0:00:51]} Bg7 {[%emt 0:00:22]} 5. Nd2 {[%emt 0:01:47]} Nbd7 {[%emt 0:00:57]} 6. h3 {[%emt 0:03:46]} e5 {[%emt 0:02:12]} 7. Bg5 {[%emt 0:02:21]} h6 {[%emt 0:03:19]} 8. Bxf6 {[%emt 0:10:25]} Nxf6 {[%emt 0:02:42]} 9. dxe5 {[%emt 0:02:12]} dxe5 {[%emt 0:00:28]} 10. Ngf3 {[%emt 0:00:39]} e4 {[%emt 0:02:47]} 11. Nd4 {[%emt 0:01:20]} O-O {[%emt 0:01:01]} 12. c3 {[%emt 0:04:09]} c5 {[%emt 0:04:13]} 13. N4b3 {[%emt 0:01:18]} Qe7 {[%emt 0:00:43]} 14. Qc2 {[%emt 0:03:56]} a6 {[%emt 0:01:26]} 15. O-O {[%emt 0:03:06]} Re8 {[%emt 0:05:21]} 16. Rad1 {[%emt 0:05:19]} b5 {[%emt 0:01:21]} 17. Rfe1 {[%emt 0:05:48]} Bf5 {[%emt 0:04:39]} 18. Nf1 {[%emt 0:00:31]} Rad8 {[%emt 0:08:44]} 19. Ng3 {[%emt 0:02:56]} Bd7 {[%emt 0:02:08]} 20. Rd2 {[%emt 0:04:11]} Bc6 {[%emt 0:01:16]} 21. Red1 {[%emt 0:00:40]} Rxd2 {[%emt 0:01:06]} 22. Qxd2 {[%emt 0:04:43]} Nd5 {[%emt 0:03:49]} 23. c4 {[%emt 0:08:05]} Nb4 {[%emt 0:11:20]} 24. a3 {[%emt 0:02:36]} Nd3 {[%emt 0:03:19]} 25. Bxd3 {[%emt 0:07:33]} exd3 {[%emt 0:00:25]} 26. Na5 {[%emt 0:04:04]} Ba8 {[%emt 0:04:06]} 27. Qxd3 {[%emt 0:04:47]} Bxb2 {[%emt 0:01:14]} 28. cxb5 {[%emt 0:01:09]} axb5 {[%emt 0:01:04]} 29. Qxb5 {[%emt 0:05:55]} Bxa3 {[%emt 0:01:15]} 30. Nc4 {[%emt 0:00:52]} Bb4 {[%emt 0:00:47]} 31. Rd7 {[%emt 0:02:18]} Qf8 {[%emt 0:05:54]} 32. Qb6 {[%emt 0:02:57]} Rb8 {[%emt 0:03:41]} 33. Qf6 {[%emt 0:05:50]} Qg7 {[%emt 0:00:56]} 34. Qd6 {[%emt 0:04:43]} Rf8 {[%emt 0:01:37]} 35. Qc7 {[%emt 0:06:34]} h5 {[%emt 0:02:13]} 36. Nd6 {[%emt 0:05:02]} h4 {[%emt 0:01:39]} 37. Ne2 {[%emt 0:02:34]} Qa1+ {[%emt 0:06:31]} 38. Kh2 {[%emt 0:00:20]} Qa5 {[%emt 0:03:58]} 39. Rxf7 {[%emt 0:05:44]} Qxc7 {[%emt 0:00:42]} 40. Rxc7 {[%emt 0:00:01]} Rd8 {[%emt 0:02:35]} 41. Nc4 {[%emt 0:01:32]} Bd5 {[%emt 0:01:01]} 42. Ne5 {[%emt 0:01:10]} g5 {[%emt 0:02:22]} 43. Ng1 {[%emt 0:02:47]} Bc3 {[%emt 0:02:13]} 44. Ngf3 {[%emt 0:00:48]} Re8 {[%emt 0:06:37]} 45. Ng4 {[%emt 0:01:57]} c4 {[%emt 0:01:59]} 46. Nd4 {[%emt 0:02:41]} Rb8 {[%emt 0:01:35]} 47. Nf6+ {[%emt 0:00:49]} Kf8 {[%emt 0:00:26]} 48. Nxd5 {[%emt 0:00:11]} Bxd4 {[%emt 0:00:27]} 49. exd4 {[%emt 0:00:13]} Rd8 {[%emt 0:00:06]} 50. Ne3 {[%emt 0:00:29]} Rxd4 {[%emt 0:00:05]} 51. Rxc4 {[%emt 0:00:21]} Rd2 {[%emt 0:00:03]} 52. f3 {[%emt 0:01:01]} Kf7 53. Rc5 1-0

[Event "7. Arber-Senioren-Cup 2019"]
[Site "Bodenmais"]
[Date "2019.08.01"]
[Round "6.14"]
[White "Schwalb, Manfred"]
[Black "Ketzscher, Roland"]
[Result "1-0"]
[WhiteElo "1965"]
[BlackElo "1917"]
[Annotator "NA"]
[PlyCount "71"]
[EventDate "2019.07.27"]
[EventType "swiss"]
[EventCountry "GER"]
[SourceTitle "playchess.com"]
[Source "ChessBase"]
[SourceQuality "1"]
[TimeControl "60/7800+30:0"]

1. e4 {[%emt 0:00:00]} e6 {[%emt 0:00:00]} 2. d3 {[%emt 0:00:00]} d5 {[%emt 0:00:00]} 3. Nd2 {[%emt 0:00:00]} Nf6 {[%emt 0:00:29]} 4. g3 {[%emt 0:00:00]} Be7 {[%emt 0:00:20]} 5. Bg2 {[%emt 0:00:01]} O-O {[%emt 0:00:09]} 6. Ngf3 {[%emt 0:00:11]} c5 {[%emt 0:00:49]} 7. O-O {[%emt 0:00:15]} Nc6 {[%emt 0:00:14]} 8. Re1 {[%emt 0:01:13]} Re8 {[%emt 0:04:10]} 9. e5 {[%emt 0:00:17]} Nd7 {[%emt 0:00:11]} 10. h4 {[%emt 0:03:08]} Qc7 {[%emt 0:04:20]} 11. Qe2 {[%emt 0:00:10]} f6 {[%emt 0:03:29]} 12. exf6 {[%emt 0:00:38]} Nxf6 {[%emt 0:00:26]} 13. Nf1 {[%emt 0:11:48]} Bd7 {[%emt 0:04:06]} 14. Bf4 {[%emt 0:03:55]} Bd6 {[%emt 0:01:48]} 15. Ne5 {[%emt 0:01:46]} Nxe5 {[%emt 0:00:46]} 16. Bxe5 {[%emt 0:00:10]} Bxe5 {[%emt 0:00:06]} 17. Qxe5 {[%emt 0:00:26]} Qxe5 {[%emt 0:00:06]} 18. Rxe5 {[%emt 0:00:11]} Bc6 {[%emt 0:04:58]} 19. Rae1 {[%emt 0:01:17]} Kf7 20. Bh3 {[%emt 0:00:42]} Bd7 {[%emt 0:01:57]} 21. Nh2 {[%emt 0:04:50]} Re7 {[%emt 0:04:34]} 22. Nf3 {[%emt 0:02:03]} h6 {[%emt 0:05:05]} 23. h5 {[%emt 0:00:56]} Nh7 {[%emt 0:02:12]} 24. Nh4 {[%emt 0:01:04]} Ree8 {[%emt 0:07:43]} 25. Ng6 {[%emt 0:06:12]} Ng5 {[%emt 0:01:36]} 26. Bg4 {[%emt 0:00:24]} Kf6 {[%emt 0:03:23]} 27. f4 {[%emt 0:02:14]} Nf7 {[%emt 0:10:29]} 28. R5e2 {[%emt 0:09:56]} Rad8 {[%emt 0:07:55]} 29. Kg2 {[%emt 0:02:35]} d4 {[%emt 0:00:30]} 30. Bf3 {[%emt 0:00:28]} b6 {[%emt 0:04:38]} 31. g4 {[%emt 0:02:43]} Nd6 {[%emt 0:04:12]} 32. Ne5 {[%emt 0:02:36]} Bc8 {[%emt 0:00:30]} 33. Kg3 {[%emt 0:14:58]} Bb7 {[%emt 0:03:09]} 34. Bxb7 Nxb7 {[%emt 0:00:30]} 35. Kh4 {[%emt 0:00:41]} Nd6 36. g5+ 1-0